Library Banner

The battle for God (Record no. 40046)

MARC details
000 -LEADER
fixed length control field 00411nam a2200169Ia 4500
001 - CONTROL NUMBER
control field 40874
008 - FIXED-LENGTH DATA ELEMENTS--GENERAL INFORMATION
fixed length control field 140424s9999 xx 000 0 und d
020 ## - INTERNATIONAL STANDARD BOOK NUMBER
International Standard Book Number 0345391691
040 ## - CATALOGING SOURCE
Transcribing agency PK-LaUMT
082 ## - DEWEY DECIMAL CLASSIFICATION NUMBER
Classification number 291.17
Item number ARM-B
100 ## - MAIN ENTRY--PERSONAL NAME
Personal name Armstrong, Karen
245 #4 - TITLE STATEMENT
Title The battle for God
Statement of responsibility, etc Armstrong, Karen
260 ## - PUBLICATION, DISTRIBUTION, ETC. (IMPRINT)
Place of publication, distribution, etc New York,USA:
Name of publisher, distributor, etc Ballantine Books,
Date of publication, distribution, etc 2001
300 ## - PHYSICAL DESCRIPTION
Extent 442 p.
546 ## - LANGUAGE NOTE
Language note EN
942 ## - ADDED ENTRY ELEMENTS (KOHA)
Koha item type Books
Holdings
Withdrawn status Lost status Damaged status Not for loan Home library Current library Date acquired Total Checkouts Full call number Barcode Date last seen Date checked out Price effective from Koha item type
        UMT Main Campus UMT Main Campus 2014-04-24 3 291.17 ARM-B 44129 2024-03-12 2024-01-15 2014-05-05 Books